00532nam a2200145 i 4500001000700000003000900007007000300016008004100019100003100060245018100091260003700272300002300309700002300332852003100355142932ES-MaACLt|071011s1975 sp ||||1| spa d1 aVicente de Paúl cSanto.10aObras completas. n, . Tomo IX, pConferencias 2. Conferencias a las Hijas de la Caridad, julio 1654-27 de agosto 1660 / cSan Vicente de Paúl ; [tradujo: A. Ortiz García]. aSalamanca : bSígueme, c1975. a1313 p. ; c22 cm.1 aOrtiz García, A. aES-MaACLjE-8897 bR.93337